Materials science of thin films (Record no. 352)

000 -LEADER
fixed length control field 00566nam a22002174a 4500
001 - CONTROL NUMBER
control field 352
003 - CONTROL NUMBER IDENTIFIER
control field BD-DhUET
008 - FIXED-LENGTH DATA ELEMENTS--GENERAL INFORMATION
fixed length control field 010328s2002 caua b 001 0 eng
020 ## - INTERNATIONAL STANDARD BOOK NUMBER
International Standard Book Number 9780125249850
020 ## - INTERNATIONAL STANDARD BOOK NUMBER
International Standard Book Number 9789381269534
040 ## - CATALOGING SOURCE
Original cataloging agency DLC
Transcribing agency 0
Modifying agency BD-DhUET
082 00 - DEWEY DECIMAL CLASSIFICATION NUMBER
Classification number 623.8152
Item number OHR/2002
100 ## - MAIN ENTRY--PERSONAL NAME
Personal name Ohring, Milton
245 10 - TITLE STATEMENT
Title Materials science of thin films
Remainder of title deposition and structure
250 ## - EDITION STATEMENT
Edition statement 2nd ed.
260 ## - PUBLICATION, DISTRIBUTION, ETC. (IMPRINT)
Place of publication, distribution, etc. New Delhi
Name of publisher, distributor, etc. Academic Press
Date of publication, distribution, etc. 2002
300 ## - PHYSICAL DESCRIPTION
Extent xxi, 794 p.
Other physical details
504 ## - BIBLIOGRAPHY, ETC. NOTE
Bibliography, etc Includes bibliographies
650 #0 - SUBJECT ADDED ENTRY--TOPICAL TERM
Topical term or geographic name as entry element Thin films
942 ## - ADDED ENTRY ELEMENTS (KOHA)
Koha item type General Book
Holdings
Shelving location Price effective from Koha out on loan Source of classification or shelving scheme Not for loan Sublocation or collection (holding branch) Location (home branch) Koha issues (times borrowed) Date acquired Koha item type Lost status Koha date last seen Withdrawn status Piece designation (barcode) Koha normalized classification for sorting Koha full call number Damaged status Koha date last borrowed Copy number
Circulation section2014-07-20   Central Library, BUETCentral Library, BUET 2014-07-20General Book 2014-07-20 111604623_000000000000000_8152OHR200623.8152/OHR/2002  1
Circulation section2016-10-02   Central Library, BUETCentral Library, BUET12016-06-18General Book 2024-06-12 114734623_815200000000000_OHR_2002623.8152/OHR/2002 2023-11-082
Circulation section2016-10-022025-01-12  Central Library, BUETCentral Library, BUET12016-06-18General Book 2024-01-13 114735623_815200000000000_OHR_2002623.8152/OHR/2002 2024-01-133
Reading section2018-09-22   Central Library, BUETCentral Library, BUET 2018-06-27General Book 2018-09-22 116652623_815200000000000_OHR_2002623.8152/OHR/2002  4